AH International Schools' Libraries

The famous five / (Record no. 49500)

MARC details
000 -LEADER
fixed length control field 00285nam a2200109 4500
020 ## - INTERNATIONAL STANDARD BOOK NUMBER
International Standard Book Number 9781444936339
100 ## - MAIN ENTRY--PERSONAL NAME
Personal name Blyton, Enid
245 ## - TITLE STATEMENT
Title The famous five /
Statement of responsibility, etc Enid Blyton
260 ## - PUBLICATION, DISTRIBUTION, ETC. (IMPRINT)
Place of publication, distribution, etc Great Britain
Name of publisher, distributor, etc Hodder Children's Books
Date of publication, distribution, etc 1997
300 ## - PHYSICAL DESCRIPTION
Extent 202 p.
Other physical details ill.
Dimensions 20 cm.
942 ## - ADDED ENTRY ELEMENTS (KOHA)
Source of classification or shelving scheme
Koha item type Book
Holdings
Withdrawn status Lost status Source of classification or shelving scheme Damaged status Not for loan Home library Current library Shelving location Date acquired Total Checkouts Full call number Barcode Date last seen Date checked out Price effective from Koha item type
          Asian Hope Primary Library Asian Hope Primary Library Junior Fiction 09/03/2025 2 J FIC BLY 208879 04/08/2026 04/01/2026 09/03/2025 Book

For any Logos Library related questions please contact Miss Art at swongnarasuk@asianhope.org.

For any Asian Hope Library related questions please contact Miss Raza at graza@asianhope.org.

Click here to explore our ebooks!

Powered by Koha